000
00296nam a22001337a 4500
008
171025b xxu||||| |||| 00| 0 eng d
020
_a
0070177600
041
_a
eng
080
_a
33
100
_a
54
101
_a
ECO
245
_a
MATHEMATICS FOR ECONOMICS
_c
EDWARD.T.D
942
_2
udc
_c
BK
999
_c
35894
_d
35894